| 000 | 00560nam a2200181 a 4500 | ||
|---|---|---|---|
| 001 | 61 | ||
| 003 | CDMR | ||
| 005 | 20130715111511.0 | ||
| 008 | 130130s2007||||||||||||||||||||||||||||d | ||
| 020 | _a9788498012552 | ||
| 040 |
_aCDMR _bcat _cCPC GIRONA |
||
| 100 | 1 |
_aSánchez, Gervasio _965 |
|
| 245 | 1 | 0 |
_aVides minades, deu anys _b: mined lives, ten years _cGervasio Sánchez |
| 260 |
_c2007 _bBlume _aBarcelona |
||
| 300 | _a2 v. | ||
| 505 | _aConté: 1.- Vidas minadas, diez años = Mined lives, ten years ; 2.- 365 vidas minadas= 365 mined lives | ||
| 942 |
_cMON _2udc |
||
| 999 |
_c61 _d61 |
||